| 000 | 01633nam0a2200337 4500 | ||
|---|---|---|---|
| 001 | RU\NLR\bibl\1837048 | ||
| 005 | 20250616170646.0 | ||
| 021 |
_aRU _b2011-85399 _96086 |
||
| 035 | _a(nilc)RSL-KNO-005068270 | ||
| 035 | _a(NLR Aleph) 001827529 | ||
| 090 |
_a2092097 _c2092097 |
||
| 100 | _a20111031d2011 |||y0rusy50 ca | ||
| 101 | 0 | _arus | |
| 102 | _aRU | ||
| 105 | _ay ||||||||| | ||
| 200 | 1 |
_aМонумент в память Малоярославецкого сражения 12 октября 1812 года _eк 200-летнему юбилею Малоярославецкого сражения в Отечественной войне 1812 года _f[авт.-сост.: Щебикова Е. А.] |
|
| 210 |
_aКалуга _cЗолотая аллея _d2011 |
||
| 215 |
_a62, [1] с. _cил., цв. ил., портр. _d24 |
||
| 604 |
_1700#1$aАдамини$bА.$gАнтонио$f1794 - 1848 _1500##$aМонумент в память Малоярославецкого сражения 12 октября 1812 года$2nlr_sh2$3RU\NLR\AUTH\661571387 _aАдамини, Антонио (1794 - 1848) _tМонумент в память Малоярославецкого сражения 12 октября 1812 года _92095359 _3RU\NLR\AUTH\661571387 |
||
| 686 | _aЩ133(2Р=Рус)5-8Адамини | ||
| 686 | _aТ3(2)471-686.112.2л6 | ||
| 686 | _aЦ35(2)471.61л6 | ||
| 702 | 1 |
_aЩебикова _bЕ. А. _4220 |
|
| 801 | 0 |
_aRU _bRuMoRKP _c20111031 _grcr |
|
| 801 | 1 |
_aRU _bРГБ _c20111031 |
|
| 801 | 2 |
_aRU _bNLR _c20111121 _grcr |
|
| 942 | _cBOOK | ||
| 980 | _aNB | ||
| 980 | _aNBR | ||